One last story and that's it/ (Record no. 7776)

MARC details
000 -LEADER
fixed length control field 00524 a2200169 4500
010 ## - LCCN (DPL NO)
LC control number ENG-88180
020 ## - INTERNATIONAL STANDARD BOOK NUMBER
Terms of availability 195.00
International Standard Book Number 8189020471
035 ## - SYSTEM CONTROL NUMBER
System control number EN-71713
037 ## - SOURCE OF ACQUISITION
Source of stock number/acquisition DBAD / PUB
082 14 - DEWEY DECIMAL CLASSIFICATION NUMBER
Classification number S
100 ## - MAIN ENTRY--PERSONAL NAME
Personal name Keret, Etgar
245 1# - TITLE STATEMENT
Title One last story and that's it/
Statement of responsibility, etc by Etgar Keret; translated from Hebrew by Miriam Shlesinger ... [et al]
260 ## - PUBLICATION, DISTRIBUTION, ETC. (IMPRINT)
Place of publication, distribution, etc New Delhi
Name of publisher, distributor, etc Katha
Date of publication, distribution, etc 2005
270 ## - ADDRESS
Address A-3 Sarvodaya Enclave, Sri Aurobindo Marg,
City New Delhi
Postal code 110 017
300 ## - PHYSICAL DESCRIPTION
Extent 124p.
Dimensions 22cm (pbk)
942 ## - ADDED ENTRY ELEMENTS (KOHA)
Institution code [OBSOLETE] dpl
Item type English Books
Source of classification or shelving scheme Dewey Decimal Classification
Classification part S
Call number suffix KER
Holdings
Withdrawn status Lost status Not for loan Collection code Home library Current library Source of acquisition Cost, normal purchase price Full call number Barcode Copy number Cost, replacement price Koha item type
    Not For Loan Fiction D.B.Act.Division D.B.Act.Division DBAD/PUB 195.00 S KER EN-71713 1 195.00 English Books

© Delhi Public Library
Hit Counter
free hit counter